000 01001nam a22002777a 4500
001 9719
003 FISKH
005 20260130113745.0
008 260130b cb ||||| |||| 00| 0 eng d
020 _a9780816735273
040 _aFISKH
_beng
_cFISKH
_dFISKH
082 _a552
100 _aPackard , Mary
_eAuthor
245 _aRocks and minerals /
_cWritten by Mary Packard : Illustrations by James Watling
260 _aNew Jersey :
_bWatermill Press ,
_c1995 .
300 _a15 pages :
_bcolor illustrations ;
_c20 X 20 cm .
505 _aR
520 _aWhat's a conglomerate rock? How is obsidian made? This kit tells you all about rocks and how to start a collection. Includes 4 genuine rock samples to get started and informative book.
521 8 _a750
_bLexile estimate
521 8 _aR
_bRaz-Plus
650 _aRocks and minerals
_vNon-fiction
650 _aEarth
_vNon-fiction
700 _aWatling , James
_eIllustrator
942 _2ddc
_cBK
_n0
999 _c9719
_d9719